| 000 | 01269nam a2200325 c 4500 | ||
|---|---|---|---|
| 003 | BLK | ||
| 005 | 20230406030526.0 | ||
| 008 | 180408b bul|||||r ||||||| ||bul|| | ||
| 010 | _aKNG00060501000 | ||
| 040 | _aBLK | ||
| 041 |
_aBUL _cBUL |
||
| 080 |
_aБългарска литература _b821.163.2 _x.09 _z821.163.2.09 |
||
| 080 |
_aЛитература на отделни езици и езикови семейства _b821 _x(4) _z821(4) |
||
| 100 | 1 |
_aГеоргиев, Емил _eпърви автор _9369326 |
|
| 139 |
_aГеоргиев, Емил _bГ 37 |
||
| 245 | 1 | 0 |
_aБългарската литература в общоевропейски контекст _bСтудии _cЕмил Георгиев. |
| 257 | _aBGR | ||
| 260 |
_аСофия _bНаука и изкуство _c1984 |
||
| 300 |
_a363 с. _c21 см |
||
| 380 | _a82 | ||
| 650 | 4 |
_aБългарска литература - история _9246271 |
|
| 650 | 4 |
_aЛитературознание, сравнително _9245262 |
|
| 653 | _aбългарска литература | ||
| 653 | _aсравнително литературознание | ||
| 852 | _aЦб 126088 | ||
| 856 | 4 |
_qpdf _u |
|
| 856 | 4 |
_qpdf _u |
|
| 942 |
_cKNG _n0 |
||
| 944 |
_aCR _c13.06.2004 _kЧиталня |
||
| 944 |
_aED _c11.08.2015 _k |
||
| 999 |
_c56519 _d56519 |
||